Normal view
MARC view
Entry Topical Term
001 - CONTROL NUMBER
- control field: 24632
003 - CONTROL NUMBER IDENTIFIER
- control field: dpl
005 - DATE AND TIME OF LATEST TRANSACTION
- control field: 20101207114521.0
008 - FIXED-LENGTH DATA ELEMENTS
- fixed length control field: 101207|||a|||||| | ||| d
040 ## - CATALOGING SOURCE
- Original cataloging agency: dpl
- Transcribing agency: dpl
150 ## - HEADING--TOPICAL TERM
- Topical term or geographic name as entry element: Urdu language
- General subdivision: Political aspects
- Geographic subdivision: India
- Form subdivision: Congresses.
670 ## - SOURCE DATA FOUND
- Source citation: Work cat.: (dpl)0: Redefining Urdu politics in India /, 2010
670 ## - SOURCE DATA FOUND
- Source citation: Work cat.: (dpl)0: Redefining Urdu politics in India /, 2010
